Statistics for Random F1 winners quiz 80-2000's

Click here to take the quiz!

General Stats

  • This quiz has been taken 43 times
  • The average score is 10 of 15

Answer Stats

HintAnswer% Correct
Monaco 1984Prost
95%
French 1988Prost
95%
Belgium 1996Schumacher
95%
Spain 1986Senna
92%
Bahrain 2006Alonso
84%
Japan 1990Piquet
84%
Germany 1987Piquet
84%
Spain 1991Mansell
82%
Europa 2009Barrichello
66%
Spain 1981Villeneuve
63%
Japan 1987Berger
55%
Australia 1992Berger
55%
UK 1995Herbert
50%
Hungary 1990Boutsen
34%
Germany 1980Laffite
11%

Score Distribution

Percentile by Number Answered

Percent of People with Each Score

Your Score History

You have not taken this quiz